000 00562nam a2200229Ia 4500
003 OSt
005 20221005132805.0
006 a|||||r|||| 00| 0
007 ta
008 221004b |||||||| |||| 00| 0 kan d
024 _a60653
037 _cTextual
040 _aCRL
_cCRL
_bkan
041 _2kan
_akan
082 _aO33,3MKS:g, L7
100 _aSeetaramayya
_9631838
245 0 _aVaddaradhae
260 _c1977
650 _aKANNAD LITERATURE
942 _hO33,3MKS:g, L7
_cTEXL
_2cc
999 _c1064816
_d1064816